| 000 | 01379cam a22003737a 4500 | ||
|---|---|---|---|
| 003 | CHAP | ||
| 005 | 20220329142319.0 | ||
| 008 | 000613d1999 mx r 00110 esp d | ||
| 010 | _a81519 | ||
| 011 | _a82491 | ||
| 020 | _a9688844934 | ||
| 035 | _a92988 | ||
| 040 | _cCHAP | ||
| 082 | 0 | 4 |
_a370 _bV53 |
| 100 | 0 | 0 |
_aVictorino Ramírez, Liberio _ecoord. _9119091 |
| 245 | 1 | 0 |
_aModernización educativa su impacto en la educación agrícola _c/coord. por Liberio Victorino Ramírez y Dennis Huffman S. |
| 260 |
_aChapingo, Méx. : _bUACH, _c1999. |
||
| 300 | _a274 p. | ||
| 590 |
_aBATCH-UPD _b10 _c20130110 _lUCH01 _h1556 |
||
| 590 |
_aBATCH-UPD _b10 _c20130410 _lUCH01 _h0953 |
||
| 590 |
_aBATCH-UPD _b10 _c20130914 _lUCH01 _h1237 |
||
| 590 |
_aCONVERSION _b10 _c20130109 _lUCH01 _h1345 |
||
| 650 | 1 | 4 |
_aEducación agrícola. _935491 |
| 650 | 1 | 4 |
_aEducación. _935409 |
| 700 | 0 |
_aHuffman Schwocho, Dennis Paul _ecoord. _956775 |
|
| 901 | _aBK | ||
| 905 | _aGuadalupe Pinto C. | ||
| 942 | _cLIBRO | ||
| 949 |
_a370 V53 _bBC _cLIBRO _d33724000782611 _eLIBRO _fc.4 _h98206 _i92988 _si |
||
| 949 |
_a370 V53 _bBC _cLIBRO _d33724000782629 _eLIBRO _fc.3 _h98205 _i92988 _si |
||
| 949 |
_a370 V53 _bBC _cLIBRO _d33724000782637 _eLIBRO _fc.2 _h98204 _i92988 _si |
||
| 949 |
_a370 V53 _bBC _cLIBRO _d33724000782645 _eLIBRO _h98203 _i92988 _si |
||
| 949 |
_a370 V53 _bBC _cUACH _d929885 _eLIBRO _fc.5 _h98207 _i92988 _sb |
||
| 999 |
_c81519 _d81519 |
||